000 00566nam a2200217Ia 4500
005 20260429112321.0
008 260429s9999||||xx |||||||||||||| ||und||
020 _a9789391985523
041 _aEnglish
082 _a294.3925
_bLAM
100 _aLama, G. K.
245 0 _aExpression of tantra in Buddhism and Buddhist art, Part 2 /
_cG. K. Lama
250 _a1st ed.
260 _aDelhi :
_bBuddhist World Press,
_c2025.
300 _axvi, 209 p.; hb
440 _vPart 2
650 _a Buddhist
650 _a Tantra
650 _aBuddhism
942 _cTB
999 _c53458
_d53458